Southville International School and Colleges
Your cart is empty.
  • Cart
  • Lists
    Public lists Eva Luna New books Lux_list list_1
    Your lists Log in to create your own lists
  • Log in to your account
  • Your cookies
  • Search history
Southville International School and Colleges
  • Advanced search
  • Recent comments
  • Most popular
  • Libraries

Log in to your account

Log in with GOOGLE


If you do not have an external account, but do have a local account, you can still log in:

  1. Home
  2. MARC view: Practical Atlas of Computed Tomography /
Normal view MARC view ISBD view

Practical Atlas of Computed Tomography / (Record no. 13985)

[ view plain ]
MARC details
000 -LEADER
fixed length control field 00488nam a22001697a 4500
003 - CONTROL NUMBER IDENTIFIER
control field OSt
005 - DATE AND TIME OF LATEST TRANSACTION
control field 20140310182518.0
008 - FIXED-LENGTH DATA ELEMENTS--GENERAL INFORMATION
fixed length control field 130810t xxu||||| |||| 00| 0 eng d
020 ## - INTERNATIONAL STANDARD BOOK NUMBER
International Standard Book Number 9789380704920
050 ## - LIBRARY OF CONGRESS CALL NUMBER
Classification number RC 78.7
Item number .Si617 2011
100 ## - MAIN ENTRY--PERSONAL NAME
Personal name Singh, Harigbal
9 (RLIN) 9240
245 ## - TITLE STATEMENT
Title Practical Atlas of Computed Tomography /
Statement of responsibility, etc Harigbal Singh, Sushil Kachewar.
260 ## - PUBLICATION, DISTRIBUTION, ETC. (IMPRINT)
Place of publication, distribution, etc New Delhi :
Name of publisher, distributor, etc Jaypee,
Date of publication, distribution, etc c2011.
300 ## - PHYSICAL DESCRIPTION
Extent 450 p. :
Other physical details ill. ;
Dimensions 28 cm.
942 ## - ADDED ENTRY ELEMENTS (KOHA)
Source of classification or shelving scheme Library of Congress Classification
Koha item type
Holdings
Withdrawn status Lost status Source of classification or shelving scheme Damaged status Home library Current library Shelving location Date acquired Total Checkouts Full call number Barcode Date last seen Copy number Price effective from Koha item type
    Library of Congress Classification   South SEED-LPDH College Library South SEED-LPDH College Library South SEED-LPDH College Section 08/10/2013   RC 78.7 .Si617 2011 SSLC0151 05/15/2018 1 08/10/2013 Books

Practical Atlas of Computed Tomography /

APA

Singh H., . (2011). Practical Atlas of Computed Tomography. New Delhi: Jaypee.

Chicago

Singh Harigbal, . 2011. Practical Atlas of Computed Tomography. New Delhi: Jaypee.

Harvard

Singh H., . (2011). Practical Atlas of Computed Tomography. New Delhi: Jaypee.

MLA

Singh Harigbal, . Practical Atlas of Computed Tomography. New Delhi: Jaypee. 2011.

  • Place hold
  • Print
  • Cite
  • Add to your cart (remove)
  • Save record
    BIBTEX Dublin Core MARCXML MARC (non-Unicode/MARC-8) MARC (Unicode/UTF-8) MARC (Unicode/UTF-8, Standard) MODS (XML) RIS
  • More searches
    Search for this title in:
    Other Libraries (WorldCat) Other Databases (Google Scholar) Online Stores (Bookfinder.com) Open Library (openlibrary.org)

Exporting to Dublin Core...

SOUTHVILLE LIBRARY

Southville International School and Colleges Library

1281 Tropical Ave. Cor. Luxembourg St., BF Homes International, Las Pinas City

Tel. No. 8256374 / 252358 Loc. 117/146

Powered by Koha